| Registos Bibliográficos associados ao registo de autoridade |
|
Etiqueta de registo: 00254nam 2200025 450 001 2284038 003 http://id.bnportugal.gov.pt/bib/catbnp/2284038 100 ## $a20260410d2024 k y0pory01030103ba 101 0# $apor$deng 102 ## $aPT 105 ## $aa m 000yy 106 ## $ar 200 1# $aGeoquímica aplicada a perícia ambiental$fErica von Zuben$gorient. Paulo do Carmo de Sá Caetano, Carlos Manuel de Sousa Nunes da Costa 210 #9 $aLisboa$c[s.n.],$d2024 215 ## $aXXIX, 269 p.$cil.$d30 cm 328 #1 $aTese dout. Engenharia Geológica, Universidade Nova de Lisboa, 2024 700 #1 $avon Zuben,$bErica$31995297 702 #1 $aCaetano,$bPaulo do Carmo de Sá$4727$3177633 702 #1 $aCosta,$bCarlos Manuel de Sousa Nunes da$4727$382783 801 #0 $aPT$bBN$gRPC 966 ## $lBN$mFGMON$x1 971 ## $cabrito$d20260410
|
|
|